UBT Library

Clinical dentistry / (Record no. 41140)

000 -LEADER
fixed length control field 00522nam a2200205 i 4500
001 - CONTROL NUMBER
control field 4579557
005 - DATE AND TIME OF LATEST TRANSACTION
control field 20180129051032.0
008 - FIXED-LENGTH DATA ELEMENTS--GENERAL INFORMATION
fixed length control field 760426m19769999mdua b 000 0 eng
010 ## - LIBRARY OF CONGRESS CONTROL NUMBER
LC control number 75009392
040 ## - CATALOGING SOURCE
Original cataloging agency DLC
Transcribing agency DLC
Modifying agency DLC
041 ## - LANGUAGE CODE
Language code of text/sound track or separate title eng
080 ## - UNIVERSAL DECIMAL CLASSIFICATION NUMBER
Universal Decimal Classification number 617.6 CLA
082 00 - DEWEY DECIMAL CLASSIFICATION NUMBER
Classification number 617.6 CLA
100 ## - Rafti
Rafti 5
101 ## - Shkurtesa
Shkurtesa STO
245 00 - TITLE STATEMENT
Title Clinical dentistry /
Statement of responsibility, etc editor, James W. Clark.
504 ## - BIBLIOGRAPHY, ETC. NOTE
Bibliography, etc Includes bibliographical references.
906 ## - LOCAL DATA ELEMENT F, LDF (RLIN)
a 7
b cbc
c orignew
d 2
e ocip
f 19
g y-gencatlg
942 ## - ADDED ENTRY ELEMENTS (KOHA)
Source of classification or shelving scheme
Item type Books
Holdings
Withdrawn status Lost status Source of classification or shelving scheme Damaged status Not for loan Collection code Permanent location Current location Shelving location Date acquired Total Checkouts Full call number Barcode Date last seen Price effective from Koha item type
          Koleksioni i përgjithshem UBT - Lipjan UBT - Lipjan Koleksioni i përgjithshem 01/29/2018   617.6 CLA 002-2996718 01/29/2018 01/29/2018 Books
UBT Library © 2015-2024. All rights reserved University Education for Business and Technology